| 000 | 00545nam a2200193Ia 4500 | ||
|---|---|---|---|
| 005 | 20250813113737.0 | ||
| 008 | 008 250516s9999 xx 000 0 hin d | ||
| 020 | _a9789360864767 | ||
| 040 |
_beng _cSDCL |
||
| 041 |
_ahin _2hin |
||
| 084 | _aO123,3N28 R4 | ||
| 100 | _aMarquez, Gabriel Garcia | ||
| 245 | 0 | _aEk elaniya maut ka qissa | |
| 246 | _aएक एलानिया मौत का किस्सा | ||
| 260 |
_aNew Delhi: _bRajkamal Prakashan, _c2024. |
||
| 300 | _a117p. | ||
| 650 | _aHindi | ||
| 942 |
_cTEXL _2CC |
||
| 999 |
_c1430297 _d1430297 |
||